Vladimir Majakovskij poet v intellektual'nom kontekste epochi

Bibliographic Details
Main Author: Kacis, Leonid Fridovič, 1958- (Author)
Format: Book
Language:Russian
PhysicalDescription:775 s. 25 cm
Published: Moskva Jazyki russkoj kul'tury 2000
ISBN:5887660392
Series:Studia philologica
Subjects:

MARC

LEADER 00000nam a2200000 a 4500
001 vtls001425400
003 SK-MaSNL
005 20260301162519.0
008 251113s2000 RU ac rb 0 rus
020 |a 5887660392  |c [1960,00] 
035 |a SNK000380296 
040 |a SNK  |b slo  |c SNK  |e AACR2 
044 |a RU 
080 |a 882(091)  |2 1981 
100 1 |a Kacis, Leonid Fridovič,  |d 1958-  |4 aut  |9 527172 
245 1 0 |a Vladimir Majakovskij  |b poet v intellektual'nom kontekste epochi  |c L.F. Kacis 
260 |a Moskva  |b Jazyki russkoj kul'tury  |c 2000 
300 |a 775 s.  |c 25 cm 
490 1 |a Studia philologica 
600 1 |a Majakovskij, Vladimir Vladimirovič,  |d 1893-1930  |2 SNK  |9 107268 
830 0 |a Studia philologica  |9 419977 
919 |a 5-88766-039-2 
999 |c 813457  |d 815387 
952 |t P60, <04>, [BOOK], {604}  |a SNK  |b SNK  |y VYP  |7 0  |p 17A0325400  |o snkIC 129827  |i snkV 81/2002  |0 0  |1 0  |4 0  |d 2002-01-10  |l 0  |r 2005-01-02 00:00:00  |w 2026-02-24